Neoplatonismo y vedanta: la doctrina de la materia en Plotino y Shankara
Saved in:
| 主要作者: | |
|---|---|
| 格式: | 圖書 |
| 語言: | 西班牙语 |
| 出版: |
Buenos Aires
Depalma
1982
|
| 叢編: | Colección Oriente-Occidente, 3
|
| 主題: | |
| 標簽: |
添加標簽
沒有標簽, 成為第一個標記此記錄!
|
MARC
| LEADER | 00000nam a2200000 a 4500 | ||
|---|---|---|---|
| 001 | UCX3556 | ||
| 003 | CL-VaPUC | ||
| 008 | 911114e19820000AG |||||||||||||||||spa|d | ||
| 082 | 0 | 4 | |a 186.4 |b GAR |2 21 |
| 100 | |a García Bazán, Francisco |e author |9 569208 | ||
| 245 | 1 | 0 | |a Neoplatonismo y vedanta: la doctrina de la materia en Plotino y Shankara |
| 300 | |a 284 p | ||
| 942 | |c BK | ||
| 945 | |d 19911114 00:00:00 | ||
| 260 | |a Buenos Aires |b Depalma |c 1982 | ||
| 600 | 0 | 7 | |a PLOTINO |2 CL-VaPUC |9 266516 |
| 650 | 0 | |a Neoplatonismo |9 265877 | |
| 650 | 0 | |a Vedanta |9 319743 | |
| 650 | 0 | |a Crítica e interpretación |9 255042 | |
| 583 | |a last modification |c 19911114 00:00:00 |k Rodrigo Vera | ||
| 490 | 0 | |a Colección Oriente-Occidente, 3 | |
| 999 | |c 224279 |d 224277 | ||
| 952 | |0 0 |1 0 |4 0 |6 186_400000000000000_GAR_1982 |7 0 |8 P |9 220811 |a BIBEDU |b BIBEDU |c BIBEDU_PB |d 2019-11-15 |i 2895579 |o 186.4 GAR 1982 |p 2895579 |r 2024-01-25 |w 2019-11-15 |y BK |k FIL | ||